Parzival; (Record no. 6398)

MARC details
000 -LEADER
fixed length control field 00754cam a22002411 4500
001 - CONTROL NUMBER
control field af 48005200
003 - CONTROL NUMBER IDENTIFIER
control field DLC
005 - DATE AND TIME OF LATEST TRANSACTION
control field 20260227110912.0
008 - FIXED-LENGTH DATA ELEMENTS--GENERAL INFORMATION
fixed length control field 800828s1944 gw b 000 0 ger c
010 ## - LIBRARY OF CONGRESS CONTROL NUMBER
LC control number af 48005200
035 ## - SYSTEM CONTROL NUMBER
System control number (OCoLC)6665130
040 ## - CATALOGING SOURCE
Original cataloging agency Yale Univ. Library
Transcribing agency TxLT
Modifying agency DLC
042 ## - AUTHENTICATION CODE
Authentication code premarc
050 00 - LIBRARY OF CONGRESS CALL NUMBER
Classification number PT1682.P6
Item number J3
100 0# - MAIN ENTRY--PERSONAL NAME
Personal name Wolfram,
Titles and words associated with a name von Eschenbach,
Dates associated with a name active 12th century.
245 10 - TITLE STATEMENT
Title Parzival;
Remainder of title eine Auswahl mit Anmerkungen und Wörterbuch
Statement of responsibility, etc. von Hermann Jantzen.
260 ## - PUBLICATION, DISTRIBUTION, ETC.
Place of publication, distribution, etc. Berlin,
Name of publisher, distributor, etc. W. De Gruyter,
Date of publication, distribution, etc. 1944.
300 ## - PHYSICAL DESCRIPTION
Extent 127 p.
Dimensions 16 cm.
490 0# - SERIES STATEMENT
Series statement Sammlung Göschen,
Volume/sequential designation Bd. 921
504 ## - BIBLIOGRAPHY, ETC. NOTE
Bibliography, etc. note Bibliography: p. 6-7, 10-11.
700 1# - ADDED ENTRY--PERSONAL NAME
Personal name Jantzen, Hermann,
Dates associated with a name 1874-1933,
Relator term ed.
730 0# - ADDED ENTRY--UNIFORM TITLE
Uniform title Perceval (Romances, etc.)

No items available.

Powered by Koha